Energy diplomacy of Bangladesh: (Record no. 105351)
[ view plain ]
| 000 -LEADER | |
|---|---|
| fixed length control field | 00522nam a22001697a 4500 |
| 003 - CONTROL NUMBER IDENTIFIER | |
| control field | BD-ChCU |
| 005 - DATE AND TIME OF LATEST TRANSACTION | |
| control field | 20250109124401.0 |
| 008 - FIXED-LENGTH DATA ELEMENTS--GENERAL INFORMATION | |
| fixed length control field | 250109b bg ||||| |||| 00| 0 ben d |
| 040 ## - CATALOGING SOURCE | |
| Transcribing agency | BD-ChCU |
| 082 ## - DEWEY DECIMAL CLASSIFICATION NUMBER | |
| Edition number | 22 |
| Classification number | 333.794 H819e |
| 100 ## - MAIN ENTRY--PERSONAL NAME | |
| Personal name | Hossain, Delwar |
| 9 (RLIN) | 7288 |
| 245 ## - TITLE STATEMENT | |
| Title | Energy diplomacy of Bangladesh: |
| Remainder of title | in search of diversification and sustainability / |
| Statement of responsibility, etc. | by Delwar Hossain |
| 260 ## - PUBLICATION, DISTRIBUTION, ETC. | |
| Place of publication, distribution, etc. | DHAKA, |
| Name of publisher, distributor, etc. | CBGA, |
| Date of publication, distribution, etc. | c2023 |
| 300 ## - PHYSICAL DESCRIPTION | |
| Extent | 56 P. |
| Dimensions | 22 cm. |
| 650 #0 - SUBJECT ADDED ENTRY--TOPICAL TERM | |
| Topical term or geographic name entry element | Energy-resource:Energy-resource |
| 9 (RLIN) | 7291 |
| 942 ## - ADDED ENTRY ELEMENTS (KOHA) | |
| Source of classification or shelving scheme | Dewey Decimal Classification |
| Koha item type | Books |
| Suppress in OPAC | No |
| Withdrawn status | Lost status | Source of classification or shelving scheme | Damaged status | Not for loan | Home library | Current library | Shelving location | Date acquired | Source of acquisition | Total Checkouts | Full call number | Barcode | Date last seen | Copy number | Price effective from | Koha item type |
|---|---|---|---|---|---|---|---|---|---|---|---|---|---|---|---|---|
| Dewey Decimal Classification | Chittagong University Library | Chittagong University Library | Business and Social Science Reading Room | 01/09/2025 | Purchase | 333.794 H819e | 320615 | 01/09/2025 | C-1 | 01/09/2025 | Books | |||||
| Dewey Decimal Classification | Chittagong University Library | International Relations Seminar Library | Business and Social Science Reading Room | 01/09/2025 | Purchase | 333.794 H819e | 320616 | 01/09/2025 | C-2 | 01/09/2025 | Books |